Socialisme i nacionalisme (1912-1934) : escrits republicans, socialistes i comunistes / Andreu Nin ; edició a cura de Pelai Pagès escrits republicans, socialistes i comunistes / Andreu Nin ; edició a cura de Pelai Pagès
Descripción Física:
115 p. ; 20 cm
Otros Autores:
Pagès, Pelai, 1949-
MARC
| LEADER | 00000nam a2200000Ia 4500 | ||
|---|---|---|---|
| 001 | 1655 | ||
| 008 | 160829s1985 xx 000 0 cat d | ||
| 080 | |a M-2-233 | ||
| 100 | |a Nin, Andreu |9 20239 |e autor | ||
| 245 | |a Socialisme i nacionalisme (1912-1934) : |b escrits republicans, socialistes i comunistes / Andreu Nin ; edició a cura de Pelai Pagès | ||
| 260 | |a Barcelona : |b La Magrana : |b Diputació de Barcelona, |c 1985 | ||
| 300 | |a 115 p. ; |c 20 cm | ||
| 490 | |a Biblioteca dels clàssics del nacionalisme català ; 11 | ||
| 650 | 0 | |a Socialisme |x Catalunya |9 33228 | |
| 650 | |a Republicanisme |x Catalunya |9 33229 | ||
| 650 | 0 | |a Nacionalisme |z Catalunya |9 11008 | |
| 700 | 1 | |a Pagès, Pelai, |d 1949- |e editor literari |9 20255 | |
| 901 | |a Arxiu | ||
| 942 | |n 1 |2 udc | ||
| 952 | |0 0 |1 0 |4 0 |6 M2233 |7 1 |9 46241 |a Arxiu |b Arxiu |d 2016-12-01 |l 0 |o M-2-233 |p 1655 |r 2016-12-01 00:00:00 |w 2016-12-01 |y ARXIU | ||
| 999 | |c 49743 |d 49743 | ||